Οργανωσιακή ψυχολογία και συμπεριφορά
Saved in:
| Main Author: | |
|---|---|
| Other Authors: | |
| Format: | Book |
| Language: | Greek English |
| Published: |
Αθήνα :
Gutenberg,
c2013.
|
| Edition: | 9η έκδ. |
| Subjects: | |
| Tags: |
Add Tag
No Tags, Be the first to tag this record!
|
MARC
| LEADER | 00000cam a2200000 i 4500 | ||
|---|---|---|---|
| 001 | 1/31214 | ||
| 008 | 130606s2013 gr | ||| |||| ||gre|| | ||
| 020 | |a 9789600113822 | ||
| 035 | |l 10114697 | ||
| 040 | |a GR-MyUa |b gre |e AACR2 | ||
| 041 | 1 | |a gre |h eng | |
| 082 | 7 | |a 658.3 |2 (22) | |
| 100 | 1 | |a Greenberg, Jerald. | |
| 245 | 1 | 0 | |a Οργανωσιακή ψυχολογία και συμπεριφορά / |c Jerald Greenberg, Robert A. Baron ; επιστημονική επιμέλεια, μετάφραση Αλέξανδρος-Σταμάτιος Αντωνίου. |
| 250 | |a 9η έκδ. | ||
| 260 | |a Αθήνα : |b Gutenberg, |c c2013. | ||
| 300 | |a 1143 σ. : |b εικ., πίν. ; |c 27 εκ. | ||
| 500 | |a Τίτλος πρωτοτύπου: Behavior in organizations. | ||
| 504 | |a Βιβλιογραφία: σ. [1053]-1093. Ευρετήριο. | ||
| 650 | 0 | |a Organizational behavior. | |
| 700 | 1 | |a Baron, Robert A. | |
| 852 | |a INST |b CHIOS |c EUDOXUS |e 20130606 |h 658.3 GRE |p 005200035220 |q 005200035220 |t EDX |y 0 | ||
| 852 | |a INST |b CHIOS |c EUDOXUS |e 20181120 |h 658.3 GRE |p 005200040162 |q 005200040162 |t EDX |y 0 | ||
| 852 | |a INST |b SYROS |c EUDOXUS |e 20131220 |h 658.3 GRE |p 005500011194 |q 005500011194 |t EDX |y 0 | ||
| 852 | |a INST |b SYROS |c EUDOXUS |e 20131220 |h 658.3 GRE |p 005500011195 |q 005500011195 |t EDX |y 0 | ||
| 901 | |a BIBL5-2013-1 | ||
| 901 | |a BIBL2-2013-2 | ||
| 920 | |a Εύδοξος |b Επιστροφή |y Χίος |z 2018-11 | ||
| 920 | |a Εύδοξος |b Παραγγελία |y Σύρος-ΤΜΣΠΣ |z 2013-12 | ||
| 920 | |a Εύδοξος |b Παραγγελία |y Χίος |z 2013-05 | ||
| 970 | |a Πουλάκη |b Στέλλα |z 06/06/2013 | ||